MARC

LEADER 00000nas a2200000 a 4500
001 ssj0000396647
003 WaSeSS
005 20200512172242.0
006 m d
007 cr n
008 090709c20099999ir fr p s 0 0eng c
010 |a  2011254209 
022 |a 2008-4072  |l 2008-2053  |y 2008-2053 
035 |a (WaSeSS)ssj0000396647 
040 |a Nz  |b eng  |c Z5A  |d CUS  |d OCLCA  |d CUD  |d TXA  |d OCLCO  |d OCLCQ  |d OCLCO  |d OCLCF  |d OCLCO  |d OCLCQ  |d BUF  |d WaSeSS 
042 |a pcc 
050 1 4 |a RC86 
060 0 0 |a W1  |b JO7095 
210 1 |a J. inj. violence res.  |b (Online) 
222 0 |a Journal of injury and violence research  |b (Online) 
245 0 0 |a Journal of injury and violence research  |h [electronic resource]. 
246 3 |a JIVR 
246 3 |a Journal of injury & violence research 
246 3 |a Injury & violence 
246 3 |a J. inj. violence res 
260 |a Kermanshah :  |b Kermanshah University of Medical Sciences 
310 |a Semiannual 
362 1 |a Began with vol. 1, no. 1 (July 2009). 
506 |a License restrictions may limit access. 
515 |a Issues for <Vol. 2, no. 1 (Jan. 2010)-> also called <Vol. 2, issue 1 (Jan. 2010)-> 
588 |a Description based on: Vol. 1, no. 1 (July 2008); title from journal home page (publisher's Web site, viewed May 18, 2011). 
588 |a Latest issue consulted: Vol. 3, no. 2 (July 2011) (viewed May 18, 2011). 
650 0 |a Emergency medicine  |v Periodicals. 
650 0 |a Critical care medicine  |v Periodicals. 
650 0 |a Wounds and injuries  |v Periodicals. 
650 0 |a Violence  |v Periodicals. 
650 7 |a Critical care medicine.  |2 fast  |0 (OCoLC)fst00883647 
650 7 |a Emergency medicine.  |2 fast  |0 (OCoLC)fst00908615 
650 7 |a Violence.  |2 fast  |0 (OCoLC)fst01167224 
650 7 |a Wounds and injuries.  |2 fast  |0 (OCoLC)fst01181488 
650 1 2 |a Wounds and Injuries  |v Periodicals. 
650 2 2 |a Violence  |v Periodicals. 
650 2 2 |a Self-Injurious Behavior  |v Periodicals. 
655 0 |a Electronic journals. 
710 2 |a Dānishgāh-i ʻUlūm-i Pizishkī-i Kirmānshāh. 
776 0 8 |i Print version:  |t Journal of injury & violence research  |x 2008-2053  |w (DLC) 2010349033  |w (OCoLC)720562056 
856 4 0 |z Full text available from Research Library: 01/01/2010 to present  |u https://search.proquest.com/publication/266698